[Event "LSS CP-2009-P-00048"]
[Site "LSS email"]
[Date "2009.09.27"]
[Round "?"]
[White "Aguirre Izaguirre, Pedro Jose"]
[Black "Vertongen, Willy"]
[Result "1/2-1/2"]
[WhiteElo "1961"]
[BlackElo "2268"]
[PlyCount "122"]
[EventDate "2009.10.01"]
[EventType "tourn (corr)"]
[EventRounds "6"]
[EventCountry "GER"]
[SourceTitle "Corr 2013"]
[Source "ChessBase"]
[SourceDate "2012.11.12"]
[SourceVersion "1"]
[SourceVersionDate "2012.11.12"]
[SourceQuality "1"]
[WhiteTeam "US of America"]
[BlackTeam "US of America"]
[WhiteTeamCountry "USA"]
[BlackTeamCountry "USA"]

1. Nf3 Nf6 2. c4 e6 3. g3 d5 4. Bg2 dxc4 5. Qa4+ c6 6. Qxc4 b5 7. Qc2 Bb7 8. 0-0 Nbd7 9. Nc3 a6 10. a4 Rc8 11. d3 Be7 12. e4 0-0 13. Be3 b4 14. Nb1 c5 15. Nbd2 Ng4 16. Rac1 Nxe3 17. fxe3 a5 18. Nc4 Qc7 19. Rfd1 Rfd8 20. Qf2 Bf6 21. Bf1 h6 22. Nfd2 Ba6 23. Nb3 Bxc4 24. Rxc4 Bg5 25. h4 Be7 26. Rcc1 Bd6 27. Kg2 Qa7 28. d4 cxd4 29. Rxc8 Rxc8 30. exd4 Bc7 31. Rc1 Rd8 32. Qe2 Qb7 33. Qf3 Bb6 34. Bb5 Nf8 35. Rc6 Qa7 36. Qd3 Ng6 37. Qc2 Ne7 38. Rc4 Qa8 39. Kh3 Qb8 40. Qd3 Qd6 41. Qf3 e5 42. d5 f5 43. exf5 Rf8 44. Qe4 Rxf5 45. Rc2 Rf8 46. Bd3 g6 47. Re2 Bc7 48. h5 Kg7 49. Nd4 Nxd5 50. Nb5 Qd7+ 51. Kh2 Rf5 52. Nxc7 Nxc7 53. hxg6 Rh5+ 54. Kg1 Rg5 55. Kf1 Nd5 56. Rf2 Nf6 57. Qf3 Qe7 58. Bf5 h5 59. Qb3 e4 60. Qe3 Kh6 61. g7 Qxg7 1/2-1/2